Autodesk Inventor 2010: технология цифровых прототипов: официальный учебный курс

Бібліографічні деталі
Резюме:Официальные учебные материалы Autodesk Inventor 2010 представляют собой учебный курс для использования в Авторизованных учебных центрах Autodesk, для корпоративного обучения и других видов коллективных занятий. Несмотря на то, что издание предназначено для занятий с преподавателем, его также можно использовать и для самостоятельного изучения программы. Данный курс предназначен для новых пользователей Autodesk Inventor, желающих ознакомиться с основными инструментами и принципами проектирования параметрических деталей в 3D, проектирования сборок, а также создания рабочих чертежей деталей и их компоновки в Autodesk Inventor 2010. К книге прилагается компакт-диск с примерами и иллюстрациями.
Мова:Російська
Опубліковано: Москва, ДМК Пресс, 2010
Предмети:
Формат: Невідомо
KOHA link:https://koha.lib.tpu.ru/cgi-bin/koha/opac-detail.pl?biblionumber=187647

MARC

LEADER 00000nmm0a2200000 4500
001 187647
005 20231101224100.0
010 |a 9785940745754 
035 |a (RuTPU)RU\TPU\book\203610 
090 |a 187647 
100 |a 20101118d2010 m y0rusy50 ca 
101 0 |a rus 
102 |a RU 
105 |a a j 000zy 
200 1 |a Autodesk Inventor 2010: технология цифровых прототипов  |e официальный учебный курс 
210 |a Москва  |c ДМК Пресс  |d 2010 
215 |a 944 с.  |c ил.  |e CD-ROM 
330 |a Официальные учебные материалы Autodesk Inventor 2010 представляют собой учебный курс для использования в Авторизованных учебных центрах Autodesk, для корпоративного обучения и других видов коллективных занятий. Несмотря на то, что издание предназначено для занятий с преподавателем, его также можно использовать и для самостоятельного изучения программы. Данный курс предназначен для новых пользователей Autodesk Inventor, желающих ознакомиться с основными инструментами и принципами проектирования параметрических деталей в 3D, проектирования сборок, а также создания рабочих чертежей деталей и их компоновки в Autodesk Inventor 2010. К книге прилагается компакт-диск с примерами и иллюстрациями. 
606 1 |a Цифровые вычислительные машины  |x Программы ввода и вывода графической информации  |2 stltpush  |3 (RuTPU)RU\TPU\subj\18387  |9 43827 
610 1 |a Autodesk Inventor 2010 
610 1 |a эскизы 
610 1 |a построение 
610 1 |a базовые формы 
610 1 |a детальное проектирование 
610 1 |a компоненты 
610 1 |a создание 
610 1 |a размещение 
610 1 |a сборка 
610 1 |a учебные пособия 
610 1 |a CD-ROM 
675 |a 681.327.1(07)  |v 3 
801 1 |a RU  |b 63413507  |c 20101118 
801 2 |a RU  |b 63413507  |c 20221208  |g RCR 
942 |c MX